Cálculo y sus aplicaciones
Gorde:
| Egile Nagusiak: | , , |
|---|---|
| Formatua: | Liburua |
| Hizkuntza: | gaztelania |
| Argitaratua: |
Barcelona
Martínez Roca
1985
|
| Saila: | Breviarios de conducta humana. Psicología, psiquiatría y salud, 6
|
| Gaiak: | |
| Etiketak: |
Etiketa erantsi
Etiketarik gabe, Izan zaitez lehena erregistro honi etiketa jartzen!
|
MARC
| LEADER | 00000nam a2200000 a 4500 | ||
|---|---|---|---|
| 001 | UCX9450 | ||
| 003 | CL-VaPUC | ||
| 008 | 940607e19850000SP |||||||||||||||||spa|d | ||
| 082 | 0 | 4 | |a 371.92 |b BEN |2 21 |
| 100 | 0 | |a Bender, Michael Philip |e author |9 326843 | |
| 700 | 0 | |a Valletutti, Peter J |e author |9 326844 | |
| 700 | 0 | |a Bender, Rosemary |e author |9 326845 | |
| 245 | 1 | 0 | |a Cálculo y sus aplicaciones |
| 300 | |a 167 p | ||
| 942 | |c BK | ||
| 945 | |d 19940607 00:00:00 |a rbrito | ||
| 260 | |a Barcelona |b Martínez Roca |c 1985 | ||
| 650 | 0 | |a Educación especial |9 307486 | |
| 650 | 7 | |a RETRASADOS MENTALES EDUCACION |2 CL-VaPUC |9 326846 | |
| 650 | 0 | |a Matemáticas |x Enseñanza |9 875527 | |
| 583 | |a last modification |c 19940607 00:00:00 |k Rodrigo Vera | ||
| 490 | 0 | |a Breviarios de conducta humana. Psicología, psiquiatría y salud, 6 | |
| 999 | |c 228684 |d 228682 | ||
| 952 | |0 0 |1 0 |4 0 |6 371_920000000000000_BEN_1985 |7 0 |8 A |9 229043 |a BIBEDU |b BIBEDU |d 2019-11-15 |i 2982196 |o 371.92 BEN 1985 |p 2982196 |r 2019-11-15 |w 2019-11-15 |y BK |k EPE | ||